Tribhuvan University Central Library

गौतमको अद्यावधिक नेपाली-अङ्ग्रेजी शब्दकोश (Record no. 97703)

MARC details
000 -LEADER
fixed length control field 00667nam a22001937a 4500
008 - FIXED-LENGTH DATA ELEMENTS--GENERAL INFORMATION
fixed length control field 210117b xxu||||| |||| 00| 0 eng d
020 ## - INTERNATIONAL STANDARD BOOK NUMBER
International Standard Book Number 9993332844
041 ## - LANGUAGE CODE
Language code of text/sound track or separate title Nep.
082 ## - DEWEY DECIMAL CLASSIFICATION NUMBER
Classification number N495.513/G485n
100 ## - MAIN ENTRY--PERSONAL NAME
Personal name Gautam, Choodamani
241 ## - ROMANIZED TITLE (BK AM CF MP MU VM)
Romanized title Gautam addhyawadhik Nepali-angreji shabdakosh
245 ## - TITLE STATEMENT
Title गौतमको अद्यावधिक नेपाली-अङ्ग्रेजी शब्दकोश
246 ## - VARYING FORM OF TITLE
Title proper/short title Gautam's up to date Nepali-English dictionary
260 ## - PUBLICATION, DISTRIBUTION, ETC.
Place of publication, distribution, etc. Biratnagar:
Name of publisher, distributor, etc. Gautam Prakashan,
Date of publication, distribution, etc. 2058BS.
300 ## - PHYSICAL DESCRIPTION
Extent 1014p.
650 ## - SUBJECT ADDED ENTRY--TOPICAL TERM
Topical term or geographic name entry element Language and languages
9 (RLIN) 2172
650 ## - SUBJECT ADDED ENTRY--TOPICAL TERM
Topical term or geographic name entry element Nepali dictionary
9 (RLIN) 158
942 ## - ADDED ENTRY ELEMENTS (KOHA)
Source of classification or shelving scheme Dewey Decimal Classification
Koha item type ISBN
Holdings
Withdrawn status Lost status Source of classification or shelving scheme Damaged status Not for loan Home library Current library Date acquired Total Checkouts Full call number Barcode Date last seen Price effective from Koha item type
    Dewey Decimal Classification     Tribhuvan University Central Library Tribhuvan University Central Library 01/17/2021   N495.513/G485n IS1191 01/17/2021 01/17/2021 ISBN